[Event "1st League CS 2011"]
[Site "Kraljevo"]
[Date "2011.09.21"]
[Round "7.1"]
[White "Simantsev, Mikhail"]
[Black "Pantelic, Sasa"]
[Result "1-0"]
[WhiteElo "2549"]
[BlackElo "2334"]
[PlyCount "71"]
[EventDate "2011.09.17"]

1. d4 Nf6 2. c4 g6 3. Nc3 Bg7 4. e4 d6 5. h3 O-O 6. Nf3 e5 7. d5 Na6 8. Be3 Nc5
9. Nd2 a5 10. g4 Ne8 11. h4 f5 12. gxf5 gxf5 13. Be2 Nf6 14. h5 Nfxe4 15. Ndxe4
Nxe4 16. Nxe4 fxe4 17. Qc2 Bf5 18. h6 Bf6 19. Bf3 exf3 20. Qxf5 Qe7 21. Qxf3 e4
22. Qg4+ Kh8 23. O-O-O Rg8 24. Qe2 Rg6 25. Rh5 Be5 26. Kb1 Rag8 27. Qc2 Rg1 28.
Rh1 Rxh1 29. Rxh1 Qf6 30. Qxe4 Bxb2 31. Rd1 Bc3 32. Kc2 Rf8 33. Rg1 Rf7 34.
Qe8+ Rf8 35. Qxf8+ Qxf8 36. Kxc3 1-0

[Event "1st League CS 2011"]
[Site "Kraljevo"]
[Date "2011.09.21"]
[Round "7.1"]
[White "Radovanovic, Jovica"]
[Black "Milenkovic, Mladen"]
[Result "0-1"]
[WhiteElo "2320"]
[BlackElo "2396"]
[Annotator "Milojevic,Boban"]
[PlyCount "62"]
[EventDate "2011.09.17"]

1. g3 g6 2. Bg2 Bg7 3. c4 Nf6 4. Nc3 O-O 5. Nf3 c5 6. O-O d5 7. d3 Nc6 8. cxd5
Nxd5 9. Nxd5 Qxd5 10. Be3 Qd6 11. Rc1 Nd4 12. Nd2 Bg4 13. Bxd4 Bxd4 14. Bxb7
Rab8 15. Bg2 Qe6 16. Nf3 Rxb2 17. e3 Bf6 18. Rxc5 Rxa2 19. d4 Rb8 20. Rc2 Rbb2
21. Rxb2 Rxb2 22. Qa4 Qf5 23. Qe8+ Kg7 24. e4 Qh5 25. e5 Bxf3 26. exf6+ exf6
27. Bxf3 Qxf3 28. Qa4 Rb7 29. Rd1 Qd5 30. Rc1 Rd7 31. Rc4 Re7 {... necitko} 0-1

[Event "1st League CS 2011"]
[Site "Kraljevo"]
[Date "2011.09.21"]
[Round "7.1"]
[White "Milosevic, Aleksandar"]
[Black "Ivanov, Mikhail M"]
[Result "1/2-1/2"]
[WhiteElo "2275"]
[BlackElo "2396"]
[PlyCount "56"]
[EventDate "2011.09.17"]

1. Nf3 d5 2. d4 c6 3. c4 e6 4. Qc2 Nf6 5. Bg5 Nbd7 6. Nc3 h6 7. cxd5 exd5 8.
Bf4 Be7 9. h3 Nf8 10. e3 Ne6 11. Bh2 Ng5 12. Nd2 O-O 13. Bd3 c5 14. dxc5 Bxc5
15. Nb5 Bb4 16. Kf1 Bd7 17. Nd4 Rc8 18. Qd1 Nfe4 19. N2f3 Re8 20. Nxg5 hxg5 21.
Bxe4 dxe4 22. Bg3 Bc5 23. Kg1 Qb6 24. Nb3 Ba4 25. h4 Bxb3 26. axb3 g4 27. Qxg4
Rc6 28. h5 Qxb3 1/2-1/2

[Event "1st League CS 2011"]
[Site "Kraljevo"]
[Date "2011.09.21"]
[Round "7.1"]
[White "Cvetanovic, Uros"]
[Black "Urosevic, Zoran"]
[Result "1-0"]
[WhiteElo "2236"]
[BlackElo "2269"]
[PlyCount "95"]
[EventDate "2011.09.17"]

1. e4 c5 2. Nf3 d6 3. d4 cxd4 4. Nxd4 Nf6 5. Nc3 a6 6. Bg5 e6 7. Bc4 Be7 8. Bb3
Nc6 9. f4 h6 10. Bh4 Qa5 11. O-O Nxd4 12. Qxd4 Qc5 13. Qxc5 dxc5 14. e5 Nd7 15.
Bxe7 Kxe7 16. a4 b6 17. Rad1 Bb7 18. Rd6 Rab8 19. Rfd1 Rhd8 20. Kf2 Rbc8 21.
Bc4 g6 22. g3 Rc7 23. Ke3 Ra8 24. a5 Bc6 25. Bd3 b5 26. b3 f6 27. exf6+ Nxf6
28. Bxg6 b4 29. Be4 Bxe4 30. Nxe4 Nd5+ 31. Ke2 c4 32. f5 exf5 33. R6xd5 fxe4
34. Re5+ Kf6 35. Rxe4 cxb3 36. cxb3 Rc2+ 37. Ke3 Rxh2 38. Rxb4 Rh5 39. Rb6+ Kg7
40. Rd7+ Kg8 41. b4 Rg5 42. Kf3 Rf8+ 43. Kg2 h5 44. Rxa6 h4 45. Rd3 Rb8 46. Ra7
Rxg3+ 47. Rxg3+ hxg3 48. a6 1-0

[Event "1st League CS 2011"]
[Site "Kraljevo"]
[Date "2011.09.21"]
[Round "7.1"]
[White "Misic, Dragan"]
[Black "Mladenovic, Stefan"]
[Result "1-0"]
[WhiteElo "2291"]
[BlackElo "2137"]
[PlyCount "109"]
[EventDate "2011.09.17"]

1. d4 Nf6 2. Nf3 e6 3. c4 b6 4. g3 Ba6 5. Qc2 Bb4+ 6. Bd2 Be7 7. Bg2 c6 8. O-O
d5 9. Ne5 Nbd7 10. cxd5 cxd5 11. Nxd7 Nxd7 12. Nc3 O-O 13. Rfc1 Nf6 14. Qa4 Bb7
15. Bf4 Qe8 16. Qxe8 Rfxe8 17. Nb5 Red8 18. Rc7 Ba6 19. a4 Bf8 20. Bf3 Rdc8 21.
Rac1 Ne8 22. Rxc8 Bxc8 23. Nc7 Nxc7 24. Rxc7 a6 25. e4 e5 26. Bxe5 Bh3 27. exd5
b5 28. d6 Rd8 29. Bg2 Bxg2 30. Kxg2 f6 31. Bf4 Bxd6 32. Bxd6 Rxd6 33. axb5 axb5
34. Rb7 Rxd4 35. Rxb5 Rd2 36. Rb7 h5 37. h4 Kh7 38. Kf3 Kg6 39. Ke3 Rc2 40. f3
Rh2 41. b4 Kh7 42. Kf4 Kg6 43. Rb8 Rh1 44. b5 Rb1 45. b6 Rb4+ 46. Ke3 Rb3+ 47.
Ke4 f5+ 48. Kd5 Rxf3 49. Rf8 Rd3+ 50. Kc5 Rd7 51. Kc6 Re7 52. Kd6 Re1 53. b7
Rd1+ 54. Ke5 Re1+ 55. Kf4 1-0

[Event "1st League CS 2011"]
[Site "Kraljevo"]
[Date "2011.09.21"]
[Round "7.2"]
[White "Mista, Aleksander"]
[Black "Milanovic, Slavisa"]
[Result "1-0"]
[WhiteElo "2561"]
[BlackElo "2411"]
[PlyCount "59"]
[EventDate "2011.09.17"]

1. Nf3 Nf6 2. c4 e6 3. g3 b6 4. Bg2 Bb7 5. O-O c5 6. Nc3 d6 7. d4 cxd4 8. Qxd4
a6 9. Bg5 Be7 10. Rfd1 Nbd7 11. Qd2 O-O 12. Bf4 Ne8 13. Rac1 Rc8 14. b3 Qc7 15.
Qe3 Qc5 16. Qd3 Qc7 17. Ng5 Bxg5 18. Bxg5 Bxg2 19. Kxg2 Ne5 20. Qd2 b5 21. cxb5
Qb7+ 22. f3 axb5 23. Ne4 Rxc1 24. Rxc1 f6 25. Bf4 d5 26. Nc5 Qe7 27. Qe3 Qd6
28. Nd3 Qa3 29. Bxe5 fxe5 30. Qxe5 1-0

[Event "1st League CS 2011"]
[Site "Kraljevo"]
[Date "2011.09.21"]
[Round "7.2"]
[White "Ivanovic, Dragutin"]
[Black "Nestorovic, Nikola"]
[Result "1/2-1/2"]
[WhiteElo "2352"]
[BlackElo "2464"]
[PlyCount "81"]
[EventDate "2011.09.17"]

1. d4 Nf6 2. Nc3 d5 3. Bg5 Nbd7 4. e3 e6 5. Nf3 c5 6. Bb5 Qb6 7. Ne5 a6 8. dxc5
Qxc5 9. Bxf6 axb5 10. Nd3 Qc7 11. Bh4 b4 12. Bg3 Qc4 13. Ne2 Rxa2 14. Rxa2 Qxa2
15. O-O Be7 16. Qd2 O-O 17. Nec1 Qa4 18. Nb3 Nf6 19. f3 Bd7 20. Ra1 Qb5 21. Ra5
Qb6 22. Bf2 Qc7 23. Bg3 Qc8 24. Nd4 Nh5 25. Bf2 Qc7 26. Nb3 Bd6 27. g3 b6 28.
Ra1 Qc4 29. g4 Nf6 30. Bg3 Bxg3 31. hxg3 h6 32. Ra7 Qc8 33. Ne5 Rd8 34. Qxb4
Qxc2 35. Nd4 Qc1+ 36. Kf2 Be8 37. Qe7 Qxb2+ 38. Ne2 Qxe5 39. Qxd8 h5 40. g5
Qxg5 41. Re7 1/2-1/2

[Event "1st League CS 2011"]
[Site "Kraljevo"]
[Date "2011.09.21"]
[Round "7.2"]
[White "Todorovic, Jovan"]
[Black "Sandic, Vladeta"]
[Result "1/2-1/2"]
[WhiteElo "2420"]
[BlackElo "2334"]
[PlyCount "80"]
[EventDate "2011.09.17"]

1. e4 d5 2. exd5 Nf6 3. c4 c6 4. d4 cxd5 5. Nc3 e6 6. Nf3 Be7 7. cxd5 Nxd5 8.
Bd3 Nc6 9. O-O O-O 10. Re1 Nf6 11. a3 b6 12. Bg5 Nd5 13. Nxd5 Bxg5 14. Bxh7+
Kxh7 15. Qc2+ Kh8 16. Qxc6 Bd7 17. Qd6 Bh6 18. Nc3 Bc8 19. Qg3 Bb7 20. Rad1 Qf6
21. Ne5 Rad8 22. Ng4 Qf4 23. Nxh6 Qxh6 24. Re5 Rd7 25. Qg4 Kg8 26. Rh5 Qf6 27.
Ne4 Bxe4 28. Qxe4 g6 29. Re5 Rfd8 30. h3 Rd6 31. Rd3 R8d7 32. d5 Rxd5 33. Rexd5
Rxd5 34. Rxd5 exd5 35. Qxd5 Qxb2 36. Qa8+ Kg7 37. Qxa7 Qc1+ 38. Kh2 Qf4+ 39.
Kg1 Qc1+ 40. Kh2 Qf4+ 1/2-1/2

[Event "1st League CS 2011"]
[Site "Kraljevo"]
[Date "2011.09.21"]
[Round "7.2"]
[White "Lapcevic, Milos"]
[Black "Sorgic, Dragan"]
[Result "1-0"]
[WhiteElo "2420"]
[BlackElo "2242"]
[PlyCount "69"]
[EventDate "2011.09.17"]

1. d4 d6 2. c4 g6 3. Nc3 Nf6 4. e4 Bg7 5. f3 O-O 6. Bg5 c6 7. Qd2 a6 8. Nge2
Nbd7 9. h4 b5 10. h5 Nxh5 11. g4 Nhf6 12. Bh6 b4 13. Nd1 e5 14. Ng3 exd4 15.
Bxg7 Kxg7 16. Qh6+ Kh8 17. g5 Re8 18. gxf6 Nxf6 19. Nf2 Qe7 20. Bh3 Ng8 21. Qd2
c5 22. Bxc8 Raxc8 23. O-O-O Rc7 24. Nd3 Qf8 25. Nf4 Qg7 26. Rdg1 Qe5 27. Nd5
Rb7 28. f4 Qe6 29. f5 Qe5 30. Qh2 h6 31. f6 Re6 32. Qh4 a5 33. Nf5 Qxe4 34.
Qxe4 Rxe4 35. Nxd6 1-0

[Event "1st League CS 2011"]
[Site "Kraljevo"]
[Date "2011.09.21"]
[Round "7.2"]
[White "Vuckovic, Branko"]
[Black "Jesic, Dusan"]
[Result "1/2-1/2"]
[WhiteElo "2271"]
[BlackElo "2365"]
[PlyCount "77"]
[EventDate "2011.09.17"]

1. e4 c5 2. Nf3 d6 3. Nc3 Nf6 4. d4 cxd4 5. Nxd4 a6 6. Bd3 g6 7. Bg5 Bg7 8. Qd2
h6 9. Bh4 g5 10. Bg3 Nh5 11. Nde2 Nc6 12. h4 Nxg3 13. Nxg3 Rg8 14. hxg5 hxg5
15. Nd1 Be5 16. c3 Qb6 17. Ne2 e6 18. Ne3 Bf6 19. Nc4 Qc7 20. Bc2 Ke7 21. Rh7
Ne5 22. Ne3 Bd7 23. Ng3 Kf8 24. O-O-O Be7 25. Qe2 g4 26. Rdh1 Qc5 27. Kb1 Bf6
28. Nh5 Bh8 29. Qd2 Ke7 30. Nf5+ exf5 31. Rxh8 fxe4 32. Qf4 Be6 33. Rxg8 Rxg8
34. Nf6 Rg6 35. Nxe4 Qa5 36. a3 Nc4 37. Nd2 Nxd2+ 38. Qxd2 Rf6 39. Rh6 1/2-1/2

[Event "1st League CS 2011"]
[Site "Kraljevo"]
[Date "2011.09.21"]
[Round "7.3"]
[White "Radulski, Julian"]
[Black "Raicevic, Ivica"]
[Result "1-0"]
[WhiteElo "2572"]
[BlackElo "2282"]
[PlyCount "111"]
[EventDate "2011.09.17"]

1. e4 e6 2. d4 d5 3. Nd2 dxe4 4. Nxe4 Nd7 5. Nf3 Ngf6 6. Nxf6+ Nxf6 7. Be3 Be7
8. Bd3 O-O 9. O-O b6 10. Qe2 Bb7 11. Rad1 Qd5 12. Bg5 h6 13. c4 Qa5 14. Bf4
Bxf3 15. Qxf3 Bd6 16. Bxh6 Qh5 17. Qxh5 Nxh5 18. Be3 c5 19. dxc5 Bxc5 20. Bxc5
bxc5 21. Rd2 Rfd8 22. Rfd1 Kf8 23. Be4 Rxd2 24. Rxd2 Rb8 25. h4 Ke7 26. g3 Nf6
27. Bf3 Rb6 28. Kg2 Nd7 29. b3 Ne5 30. g4 a5 31. h5 f6 32. Kg3 Rb4 33. Be4 a4
34. f4 Nf7 35. Rd3 axb3 36. axb3 e5 37. Re3 Kf8 38. Bd5 exf4+ 39. Kxf4 Rb8 40.
Bxf7 Kxf7 41. g5 fxg5+ 42. Kxg5 Rb6 43. Rf3+ Kg8 44. Rf5 Rxb3 45. Rxc5 Rf3 46.
Rd5 Kh7 47. c5 Rf1 48. Re5 Rf6 49. Rf5 Rc6 50. Rd5 Kg8 51. Rf5 Re6 52. Kf4 Re1
53. Re5 Rd1 54. Rg5 Kf7 55. Ke5 Rb1 56. c6 1-0

[Event "1st League CS 2011"]
[Site "Kraljevo"]
[Date "2011.09.21"]
[Round "7.3"]
[White "Dmitrovic, Tomislav"]
[Black "Arsovic, Zoran"]
[Result "0-1"]
[WhiteElo "2295"]
[BlackElo "2444"]
[PlyCount "62"]
[EventDate "2011.09.17"]

1. g3 g6 2. Bg2 Bg7 3. f4 d5 4. Nf3 c6 5. c3 Nd7 6. O-O Ngf6 7. h3 Qc7 8. d4 c5
9. Be3 O-O 10. Nbd2 b6 11. Bf2 Bb7 12. e3 Ne8 13. g4 e6 14. Bg3 Nd6 15. Nh2 Ba6
16. Re1 Bd3 17. Ndf3 Be4 18. Nf1 Rac8 19. N1d2 Nf6 20. Bh4 cxd4 21. exd4 Bxf3
22. Bxf3 Nc4 23. Nxc4 dxc4 24. Bg3 Rcd8 25. Qe2 Nd5 26. Qh2 Qb7 27. Re2 b5 28.
h4 b4 29. Bxd5 Qxd5 30. Qg2 bxc3 31. bxc3 Bxd4+ 0-1

[Event "1st League CS 2011"]
[Site "Kraljevo"]
[Date "2011.09.21"]
[Round "7.3"]
[White "Trifunovic, Miroljub"]
[Black "Martinovic, Slobodan"]
[Result "1/2-1/2"]
[WhiteElo "2305"]
[BlackElo "2436"]
[PlyCount "140"]
[EventDate "2011.09.17"]

1. d4 Nf6 2. Nf3 e6 3. g3 b5 4. Bg2 Bb7 5. O-O c5 6. c3 Na6 7. Nbd2 cxd4 8.
Nxd4 Bxg2 9. Kxg2 Qb6 10. Kg1 Nc5 11. c4 bxc4 12. Nxc4 Qa6 13. b3 Be7 14. Bb2
O-O 15. e3 Rfc8 16. Re1 Na4 17. Qe2 Ne4 18. Rec1 Nxb2 19. Nxb2 Qxe2 20. Nxe2
Bf6 21. Nd4 g5 22. h3 h5 23. Kf1 g4 24. h4 Nd2+ 25. Ke2 Ne4 26. Nd3 a5 27. Rc4
d5 28. Rcc1 a4 29. b4 a3 30. Nc5 Nd6 31. Rab1 Nc4 32. Rb3 Be7 33. Nd3 Bd8 34.
b5 Bb6 35. Nc6 Kg7 36. Nf4 Kh6 37. Rbc3 Nd6 38. Ne5 Rxc3 39. Rxc3 Nxb5 40. Rb3
Bc7 41. Nxf7+ Kg7 42. Ng5 Bxf4 43. Nxe6+ Kf7 44. Nxf4 Nd6 45. Nxd5 Ra5 46. Nc3
Ke6 47. Nb1 Ne4 48. Nd2 Nd6 49. e4 Ra4 50. Ke3 Ke5 51. f4+ gxf3 52. Nxf3+ Ke6
53. e5 Nf5+ 54. Kf2 Kd5 55. Rc3 Ra8 56. Rd3+ Ke4 57. Rb3 Kd5 58. Rc3 Ra4 59.
Nd2 Rd4 60. Nf3 Ra4 61. Rc2 Rb4 62. Rd2+ Ke4 63. Re2+ Kd5 64. e6 Rb2 65. Ne1
Kd6 66. Nf3 Nxg3 67. Rxb2 axb2 68. Nd2 Nf5 69. Nc4+ Kxe6 70. Nxb2 Nxh4 1/2-1/2

[Event "1st League CS 2011"]
[Site "Kraljevo"]
[Date "2011.09.21"]
[Round "7.3"]
[White "Arsovic, Goran"]
[Black "Zafirovski, Mite"]
[Result "1/2-1/2"]
[WhiteElo "2409"]
[BlackElo "2239"]
[PlyCount "43"]
[EventDate "2011.09.17"]

1. d4 Nf6 2. Nf3 e6 3. c4 b6 4. a3 Bb7 5. Nc3 d5 6. Bg5 Be7 7. Rc1 O-O 8. e3
Nbd7 9. cxd5 exd5 10. Bb5 c6 11. Ba4 Rc8 12. O-O h6 13. Bh4 a6 14. Qd3 Re8 15.
Rfd1 Nf8 16. Ne5 N6d7 17. Nxd7 Qxd7 18. Bxe7 Qxe7 19. Rd2 Red8 20. Bb3 Re8 21.
Ba4 Rcd8 22. Bb3 1/2-1/2

[Event "1st League CS 2011"]
[Site "Kraljevo"]
[Date "2011.09.21"]
[Round "7.3"]
[White "Turudic, Nenad"]
[Black "Simonovic, Aleksandar"]
[Result "1/2-1/2"]
[WhiteElo "2192"]
[BlackElo "2401"]
[PlyCount "65"]
[EventDate "2011.09.17"]

1. e4 c5 2. Nf3 Nc6 3. d4 cxd4 4. Nxd4 Nf6 5. Nc3 d6 6. Bg5 Bd7 7. Qd2 Rc8 8.
O-O-O Nxd4 9. Qxd4 Qa5 10. f4 Rxc3 11. bxc3 e5 12. Qb4 Qxb4 13. cxb4 Nxe4 14.
Bc4 h6 15. Bh4 g5 16. Bd5 Nc3 17. fxg5 hxg5 18. Bxg5 Nxd1 19. Kxd1 Bc6 20.
Bxc6+ bxc6 21. h4 f5 22. Rf1 f4 23. g3 fxg3 24. Rg1 d5 25. c3 e4 26. Rxg3 Bd6
27. Rh3 Rh5 28. Rh1 Be5 29. Kd2 Kf7 30. Rf1+ Kg6 31. Rg1 Kf5 32. Rf1+ Kg6 33.
Rg1 1/2-1/2

[Event "1st League CS 2011"]
[Site "Kraljevo"]
[Date "2011.09.21"]
[Round "7.4"]
[White "Misailovic, Nebojsa"]
[Black "Bojkov, Dejan"]
[Result "0-1"]
[WhiteElo "2301"]
[BlackElo "2541"]
[PlyCount "120"]
[EventDate "2011.09.17"]

1. e4 e5 2. Nf3 Nc6 3. Bb5 a6 4. Ba4 Nf6 5. O-O Be7 6. Re1 b5 7. Bb3 d6 8. c3
O-O 9. h3 Na5 10. Bc2 c5 11. d4 Qc7 12. Nbd2 Bd7 13. d5 g6 14. Nf1 Nh5 15. Kh2
c4 16. Bh6 Ng7 17. Qd2 Nb7 18. Rad1 f6 19. Ng1 Nd8 20. Be3 Nf7 21. Ne2 f5 22.
f4 Rae8 23. Nfg3 Bh4 24. Rf1 exf4 25. Rxf4 g5 26. Rxf5 Bxf5 27. exf5 Qe7 28.
Bd4 Ne5 29. Rf1 g4 30. Qf4 Bg5 31. Qe4 Qf6 32. Nf4 Bxf4 33. Qxf4 Qh4 34. Kg1
Nh5 35. Nxh5 Qxh5 36. hxg4 Qh4 37. g5 Qxf4 38. Rxf4 Nd3 39. Rf1 Nxb2 40. f6 Nd3
41. Bd1 Re4 42. Bb6 Ne5 43. Bh5 Nf7 44. g6 hxg6 45. Bxg6 Re5 46. Rf3 Rfe8 47.
Bd4 Rxd5 48. Bf2 Rg5 49. Bf5 Ne5 50. Rf4 Kf7 51. Bd4 Nd3 52. Rf1 Re2 53. g4 Ne5
54. Rf4 Rxa2 55. Kf1 Rh2 56. Be4 Nxg4 57. Bf3 Ne5 58. Bd5+ Kf8 59. Bb6 Nd3 60.
Bd8 Ke8 0-1

[Event "1st League CS 2011"]
[Site "Kraljevo"]
[Date "2011.09.21"]
[Round "7.4"]
[White "Ristic, Nenad"]
[Black "Boskovic, Drasko"]
[Result "0-1"]
[WhiteElo "2420"]
[BlackElo "2417"]
[PlyCount "120"]
[EventDate "2011.09.17"]

1. e4 c5 2. c3 d5 3. exd5 Qxd5 4. d4 Nf6 5. Nf3 e6 6. Bd3 Nc6 7. O-O cxd4 8.
cxd4 Be7 9. Nc3 Qd6 10. a3 O-O 11. Be3 b6 12. Qe2 Bb7 13. Rad1 Rfd8 14. Rfe1
Rac8 15. Bb1 Bf8 16. Bg5 Ne7 17. Ne5 h6 18. Bh4 Re8 19. Bg3 Nf5 20. Bf4 Nd5 21.
Nxd5 Qxd5 22. Qg4 Qb5 23. b4 a5 24. d5 Bxd5 25. Bd3 Qa4 26. Nxf7 Kxf7 27. Bxf5
exf5 28. Qxf5+ Kg8 29. Qxd5+ Kh8 30. bxa5 Rxe1+ 31. Rxe1 Qxf4 32. axb6 Bc5 33.
Qa2 Bxb6 34. g3 Qf3 35. Qe2 Qxa3 36. Qb5 Qd6 37. Re8+ Rxe8 38. Qxe8+ Kh7 39.
Qe4+ Qg6 40. Qf3 Qc2 41. Kg2 Bc5 42. h4 Kg6 43. Qg4+ Kf6 44. Qf3+ Qf5 45. Qc3+
Ke6 46. Qb2 Qe4+ 47. Kg1 Qf3 48. Kf1 Qd3+ 49. Kg2 Qe4+ 50. Kg1 Bd4 51. Qa2+ Kf5
52. Qf7+ Kg4 53. Qd7+ Kh5 54. Qf7+ g6 55. Qf8 Kg4 56. Qf7 Qf5 57. Qa2 Kh3 58.
Kf1 Qd3+ 59. Qe2 Qb1+ 60. Qe1 Qxe1+ 0-1

[Event "1st League CS 2011"]
[Site "Kraljevo"]
[Date "2011.09.21"]
[Round "7.4"]
[White "Pavlovic, Dejan S"]
[Black "Ristic, Nebojsa M"]
[Result "0-1"]
[WhiteElo "2430"]
[BlackElo "2379"]
[PlyCount "100"]
[EventDate "2011.09.17"]

1. e4 c6 2. d4 d5 3. e5 Bf5 4. h4 h6 5. g4 Be4 6. f3 Bg6 7. h5 Bh7 8. e6 fxe6
9. Bd3 Bxd3 10. Qxd3 Nf6 11. Ne2 Qd6 12. Bf4 Qb4+ 13. Nbc3 Nbd7 14. Qg6+ Kd8
15. O-O-O Nb6 16. a3 Qa5 17. Qf7 Nc4 18. Qxe6 Rc8 19. Rd3 Ne8 20. Nb1 Nc7 21.
Qf7 Nb5 22. Nd2 e5 23. Bg3 Qc7 24. Bh4+ Be7 25. Nxc4 dxc4 26. Qxc4 e4 27. fxe4
Bxh4 28. Rxh4 Nd6 29. Qb4 a5 30. Qc5 b6 31. Qe5 Re8 32. Qh2 Rxe4 33. Qf2 Qe7
34. Rh2 Rxg4 35. Re3 Qg5 36. Kb1 Kd7 37. Re5 Qf6 38. Qe1 Rf8 39. Ng3 Rxd4 40.
Rhe2 Rf7 41. Ka2 Rd5 42. Re6 Qh4 43. Rg6 a4 44. Kb1 Qd4 45. Ka2 Nc4 46. Qc1 Nd2
47. Ka1 Rf3 48. Rxd2 Qxd2 49. Rxg7+ Kc8 50. Qh1 Rxa3+ 0-1

[Event "1st League CS 2011"]
[Site "Kraljevo"]
[Date "2011.09.21"]
[Round "7.4"]
[White "Todorovic, Goran N"]
[Black "Ratkovic, Milovan"]
[Result "1-0"]
[WhiteElo "2396"]
[BlackElo "2177"]
[PlyCount "79"]
[EventDate "2011.09.17"]

1. Nf3 d5 2. c4 c6 3. g3 Nf6 4. Bg2 Bf5 5. cxd5 cxd5 6. Qb3 Qc8 7. Nc3 e6 8. d3
Nc6 9. O-O h6 10. Bf4 Be7 11. Rac1 O-O 12. Rfe1 Qd7 13. e4 Bg4 14. exd5 exd5
15. Ne5 Nxe5 16. Bxe5 d4 17. Nd5 Nxd5 18. Qxd5 Qxd5 19. Bxd5 Rad8 20. Bxb7 Bb4
21. Re4 Bf3 22. Rc4 Bxe4 23. Bxe4 Ba5 24. b4 Bb6 25. a4 f6 26. Bf4 g5 27. Bd2
f5 28. Bc6 a5 29. bxa5 Ba7 30. Bb7 Rf7 31. a6 Kg7 32. Bb4 Kg6 33. Bc5 Bxc5 34.
Rxc5 Kf6 35. Rb5 Ke6 36. a7 Rf6 37. a5 g4 38. Kf1 f4 39. gxf4 Rh8 40. Kg2 1-0

[Event "1st League CS 2011"]
[Site "Kraljevo"]
[Date "2011.09.21"]
[Round "7.4"]
[White "Radusinovic, Lazar"]
[Black "Ratkovic, Miloje"]
[Result "1/2-1/2"]
[WhiteElo "2308"]
[BlackElo "2135"]
[PlyCount "53"]
[EventDate "2011.09.17"]

1. d4 d5 2. c4 c6 3. Nc3 Nf6 4. cxd5 cxd5 5. Bf4 a6 6. e3 Nc6 7. Bd3 Bg4 8. f3
Bh5 9. Nge2 e6 10. O-O Bg6 11. Rc1 Bxd3 12. Qxd3 Nh5 13. Qd1 Nxf4 14. Nxf4 Bd6
15. Nd3 O-O 16. f4 Qe7 17. Qh5 g6 18. Qh6 Rac8 19. Qh3 b5 20. a3 Qb7 21. Qh6
Na5 22. f5 exf5 23. Rxf5 gxf5 24. Qg5+ Kh8 25. Qf6+ Kg8 26. Qg5+ Kh8 27. Qf6+
1/2-1/2

[Event "1st League CS 2011"]
[Site "Kraljevo"]
[Date "2011.09.21"]
[Round "7.5"]
[White "Djukic, Zeljko"]
[Black "Nestorovic, Dejan"]
[Result "1/2-1/2"]
[WhiteElo "2399"]
[BlackElo "2390"]
[PlyCount "21"]
[EventDate "2011.09.17"]

1. d4 Nf6 2. Nf3 e6 3. Bg5 d5 4. c4 Be7 5. e3 O-O 6. Nc3 h6 7. Bh4 b6 8. Bxf6
Bxf6 9. cxd5 exd5 10. Bd3 Be6 11. O-O 1/2-1/2

[Event "1st League CS 2011"]
[Site "Kraljevo"]
[Date "2011.09.21"]
[Round "7.6"]
[White "Vratonjic, Slobo"]
[Black "Raicevic, Momcilo"]
[Result "1/2-1/2"]
[WhiteElo "2396"]
[BlackElo "2379"]
[PlyCount "49"]
[EventDate "2011.09.17"]

1. e4 c6 2. d4 d5 3. exd5 cxd5 4. c4 Nf6 5. Nc3 g6 6. Qb3 Bg7 7. cxd5 O-O 8.
Be2 Na6 9. Bf3 Qb6 10. Nge2 Bg4 11. Bxg4 Nxg4 12. O-O Qxb3 13. axb3 Nf6 14. Ra5
Rfd8 15. Rb5 b6 16. Bf4 Ne8 17. Ra1 Nac7 18. Bxc7 Nxc7 19. Rb4 Nxd5 20. Nxd5
Rxd5 21. Rxb6 Bxd4 22. Nxd4 Rxd4 23. Rb7 Rd2 24. Rxe7 Rxb2 25. g3 1/2-1/2

[Event "1st League CS 2011"]
[Site "Kraljevo"]
[Date "2011.09.21"]
[Round "7.6"]
[White "Jovanovic, Nenad R"]
[Black "Solomunovic, Igor"]
[Result "0-1"]
[WhiteElo "2338"]
[BlackElo "2402"]
[PlyCount "66"]
[EventDate "2011.09.17"]

1. Nf3 Nf6 2. b3 g6 3. Bb2 Bg7 4. g3 O-O 5. Bg2 d6 6. d4 c5 7. e3 Nc6 8. O-O
cxd4 9. Nxd4 Bg4 10. Nxc6 bxc6 11. Qc1 Qd7 12. c4 Bh3 13. Nc3 h5 14. Ne2 h4 15.
Bxh3 Qxh3 16. Nf4 Qd7 17. Kg2 e5 18. Nh3 Rfe8 19. Qc2 d5 20. Rfd1 Rad8 21. Rac1
Ng4 22. Ng1 hxg3 23. hxg3 d4 24. exd4 exd4 25. Rd3 c5 26. Nf3 Qc6 27. Kg1 Re7
28. b4 Rde8 29. Rf1 Re2 30. Qb1 Qe4 31. Ba1 Rxa2 32. Qb3 cxb4 33. Ng5 Qf5 0-1

[Event "1st League CS 2011"]
[Site "Kraljevo"]
[Date "2011.09.21"]
[Round "7.6"]
[White "Rabrenovic, Vladan"]
[Black "Lukic, Dragan M"]
[Result "1/2-1/2"]
[WhiteElo "2378"]
[BlackElo "2307"]
[PlyCount "80"]
[EventDate "2011.09.17"]

1. d4 d5 2. Nf3 Nf6 3. c4 e6 4. Nc3 c6 5. g3 dxc4 6. Ne5 b5 7. Bg2 Nd5 8. a4
Bb4 9. Bd2 Bb7 10. axb5 Bxc3 11. bxc3 cxb5 12. O-O Nd7 13. Ng4 f5 14. e4 fxg4
15. exd5 Nf6 16. dxe6 Bxg2 17. Kxg2 O-O 18. Re1 Qd5+ 19. f3 Rae8 20. Ra6 Re7
21. Bf4 Nh5 22. Re5 Nxf4+ 23. gxf4 Qb7 24. Rd6 Qc7 25. Red5 Rxf4 26. Rd8+ Rf8
27. Rxf8+ Kxf8 28. Rf5+ Kg8 29. d5 Qd6 30. Qd4 gxf3+ 31. Rxf3 a5 32. Qe4 a4 33.
Qf5 h6 34. Qf8+ Kh7 35. Qf5+ Kg8 36. Qf8+ Kh7 37. h4 a3 38. h5 a2 39. Qf5+ Kg8
40. Qf8+ Kh7 1/2-1/2

[Event "1st League CS 2011"]
[Site "Kraljevo"]
[Date "2011.09.21"]
[Round "7.6"]
[White "Nesic, Dragisa"]
[Black "Kojovic, Dragan"]
[Result "0-1"]
[WhiteElo "2126"]
[BlackElo "2367"]
[PlyCount "160"]
[EventDate "2011.09.17"]

1. d4 Nf6 2. c4 g6 3. Nc3 d5 4. cxd5 Nxd5 5. Bd2 Nb6 6. e3 Bg7 7. Nf3 O-O 8.
Be2 Nc6 9. Ne4 e5 10. dxe5 Nxe5 11. Nxe5 Bxe5 12. Bc3 Bxc3+ 13. Nxc3 Qxd1+ 14.
Rxd1 Be6 15. h4 c6 16. h5 Rfd8 17. Rxd8+ Rxd8 18. hxg6 hxg6 19. Rh4 Kg7 20. Rb4
Rd7 21. Bg4 f5 22. Bf3 Nc4 23. Ne2 a5 24. Rb3 Ne5 25. Ra3 Nd3+ 26. Kf1 Nxb2 27.
Nd4 Bc4+ 28. Kg1 c5 29. Nb5 a4 30. Nc3 b5 31. Bc6 Rd3 32. Bxb5 Kf6 33. Kh2 Ke7
34. g4 fxg4 35. Kg3 Rxc3 36. Rxc3 Bxb5 37. Rxc5 Bd7 38. Rc7 Nd3 39. Rc3 Nb4 40.
a3 Nd5 41. Rd3 Nf6 42. Kf4 Ke6 43. Rd4 Bc6 44. Rc4 Bb5 45. Rc5 Be2 46. Ra5 Nd5+
47. Kg5 Nc3 48. Kf4 Bd1 49. Rc5 Nd5+ 50. Ke4 Bb3 51. Kd4 Kd6 52. e4 Nc7 53. e5+
Kd7 54. Ke4 Ne6 55. Rc3 Ke7 56. Rg3 Bd1 57. Rc3 Bf3+ 58. Ke3 Bd1 59. Kd2 Bb3
60. Rg3 Ng5 61. Rxg4 Nf3+ 62. Kc3 Nxe5 63. Rb4 Kf6 64. Rf4+ Ke6 65. Rf8 Nd7 66.
Re8+ Kf5 67. Rd8 Nf6 68. Rf8 g5 69. Kd4 Kg6 70. Ke3 Nd5+ 71. Kd4 Nf4 72. Ke4
Bc2+ 73. Ke5 Nh5 74. Rg8+ Ng7 75. Rh8 Bb3 76. f4 g4 77. Ra8 g3 78. f5+ Nxf5 79.
Ra6+ Kg5 80. Rf6 Nh4 0-1

[Event "1st League CS 2011"]
[Site "Kraljevo"]
[Date "2011.09.21"]
[Round "7.6"]
[White "Sredojevic, Ivan"]
[Black "Nikolajevic, Branislav"]
[Result "1/2-1/2"]
[WhiteElo "2426"]
[BlackElo "2176"]
[PlyCount "109"]
[EventDate "2011.09.17"]

1. e4 c5 2. Nf3 Nc6 3. d4 cxd4 4. Nxd4 Nf6 5. Nc3 e6 6. Ndb5 d6 7. Bf4 e5 8.
Bg5 a6 9. Na3 b5 10. Nd5 Be7 11. Bxf6 Bxf6 12. c3 Bg5 13. Nc2 O-O 14. a4 bxa4
15. Rxa4 a5 16. Bc4 Be6 17. O-O Kh8 18. b3 g6 19. Kh1 Ra7 20. b4 axb4 21. Ncxb4
Rxa4 22. Qxa4 Ne7 23. Nxe7 Qxe7 24. Bxe6 Qxe6 25. Nd5 f5 26. Kg1 fxe4 27. Qxe4
Qf7 28. g3 Kg7 29. Kg2 Qf5 30. Qxf5 gxf5 31. f4 Bf6 32. Rb1 Rf7 33. Rb6 Rd7 34.
c4 Bd8 35. Ra6 exf4 36. Nxf4 Kf7 37. Kf3 Bf6 38. Nd3 Bg7 39. Kf4 Rc7 40. Kxf5
Rxc4 41. Ra7+ Kg8 42. Nf4 Rc8 43. Ne6 Be5 44. h4 Rb8 45. g4 Bc3 46. g5 Rb5+ 47.
Kg4 Rb4+ 48. Kh5 Be1 49. g6 Rxh4+ 50. Kg5 hxg6 51. Kxg6 Rg4+ 52. Kf5 Rg2 53.
Rd7 Rf2+ 54. Kg6 Rg2+ 55. Kf5 1/2-1/2